| 000 | 00588nam a2200181 i 4500 | ||
|---|---|---|---|
| 001 | 61494 | ||
| 003 | ES-MaACL | ||
| 005 | 20250809010601.0 | ||
| 007 | t| | ||
| 008 | 031112s1901 sp ||||1| spa d | ||
| 245 | 0 | 0 | _aExtracto de las deliberaciones y acuerdos del Congreso Marítimo Nacional. |
| 260 |
_aMadrid : _b[s.n., _c1901] ( _fSuc. de M. Minuesa de los Ríos) |
||
| 300 |
_a221 p. ; _c23 cm. |
||
| 650 | 4 |
_aMarina mercante- _zEspaña _914791 |
|
| 711 | 2 |
_aCongreso Marítimo Nacional ( _d1901. _cMadrid) _9152794 |
|
| 852 |
_aES-MaACL _jG-1480 |
||
| 999 |
_c61494 _d61494 |
||